00468nam a2200181Ia 4500001001000000003000500010008004100015010001100056040000900067082001600076100001700092245006800109260002900177300000900206650003500215650002000250700001600270Para_7466CHAP220125s1988 xx 000 0 und d a206354 cCHAP aPA 632.4 M8 aMukerji,K.G. aBiocontrol of plant diseases /c by K.G. Mukerji and K.L. Garj aBoca Raton, Fla. :b CRC a2 v. aControl biológico de hongos  aFitopatología aGarg, K. L.